| 000 | 00746nam a2200217 a 4500 | ||
|---|---|---|---|
| 001 | 000018503 | ||
| 005 | 20260114113658.0 | ||
| 008 | 100511s2010 dr 000 0 spa d | ||
| 040 |
_aDO-SdBNP _bspa _cBNPHU |
||
| 082 |
_a306.82 _bP328n |
||
| 100 | 1 |
_aPaulino García, Máximo Bienvenido _940025 |
|
| 245 | 1 | 3 |
_aEl noviazgo : _bla base de un buen matrimonio / _cMáximo Bienvenido Paulino García. |
| 260 |
_a[Santo Domingo] : _bUreña, _c2010. |
||
| 300 |
_a56 p. ; _c21 cm. |
||
| 500 | _aIncluye datos biográficos del autor en la solapa de la cubierta. | ||
| 650 | 4 |
_aElección del conyuge _91472 |
|
| 650 | 0 |
_aParejas _9802 |
|
| 650 | 4 |
_aEducación para la vida familiar _92729 |
|
| 650 | 4 |
_aRelaciones hombre-mujer _932629 |
|
| 049 | _aBNPD | ||
| 999 |
_c18023 _d18023 |
||